[Event "Titled Tue 27th May Early"]
[Site "chess.com INT"]
[Date "2025.05.27"]
[Round "10"]
[White "Kim, Sergey"]
[Black "Jiganchine, Roman"]
[Result "1-0"]
[WhiteTitle "FM"]
[BlackTitle "CM"]
[WhiteElo "2295"]
[BlackElo "2205"]
[WhiteFideId "13700570"]
[BlackFideId "2603667"]
[EventDate "2025.05.27"]

1. d4 d5 2. c4 e6 3. Nc3 Nf6 4. Nf3 c5 5. e3 a6 6. a3 dxc4 7. Bxc4 b5 8. Ba2 Bb7
9. O-O Nbd7 10. Qe2 Be7 11. Rd1 Qb6 12. a4 b4 13. a5 Qc7 14. Na4 O-O 15. Bc4
Qxa5 16. Bd2 Qc7 17. Rdc1 Ne4 18. Be1 a5 19. Bd3 Qd8 20. Rd1 cxd4 21. Nxd4 Qb8
22. f3 Nef6 23. Bc4 Qe5 24. Bg3 Qh5 25. Nxe6 Rfc8 26. Nf4 Qh6 27. b3 Ne5 28. Nb6
Nxc4 29. bxc4 Bc5 30. Nxc8 Rxc8 31. Rxa5 b3 32. Rb5 Ba6 33. Rxb3 g5 34. Nd5 Bxc4
35. Qxc4 Bxe3+ 36. Nxe3 Rxc4 37. Nxc4 g4 38. Ne5 gxf3 39. Nxf3 Qh5 40. Rb8+ Kg7
41. Be5 Qf5 42. Rd6 Qc2 43. Bxf6+ Kg6 44. Rg8+ Kh6 45. Bg5+ Kh5 46. Rh6+ Kg4 47.
Be3+ Kf5 48. Nd4+ 1-0

[Event "Titled Tue 27th May Early"]
[Site "chess.com INT"]
[Date "2025.05.27"]
[Round "10"]
[White "Hayrapetyan, Edgar"]
[Black "Svane, Rasmus"]
[Result "0-1"]
[WhiteTitle "FM"]
[BlackTitle "GM"]
[WhiteElo "2161"]
[BlackElo "2629"]
[WhiteFideId "13313568"]
[BlackFideId "4657101"]
[EventDate "2025.05.27"]

1. e4 c6 2. d4 d5 3. Nc3 dxe4 4. Nxe4 Nf6 5. Nxf6+ exf6 6. c3 Bd6 7. Bd3 O-O 8.
Qc2 Re8+ 9. Ne2 h5 10. O-O h4 11. h3 Nd7 12. Bd2 Nf8 13. Rae1 g6 14. c4 Be6 15.
Bc3 Rc8 16. Qd2 Kg7 17. f4 Bf5 18. Bxf5 gxf5 19. Qd3 Qd7 20. Kh1 Ng6 21. d5 c5
22. Ng1 Rxe1 23. Rxe1 Nxf4 24. Qe3 Ng6 25. Nf3 Bf4 26. Bxf6+ Kg8 27. Qe2 Bg3 28.
Rf1 Re8 29. Qd2 f4 30. Qc2 Re3 31. b3 b6 32. Ba1 Kf8 33. Qb2 Ke8 34. Qg7 Kd8 35.
Ng5 Kc8 36. Qg8+ Kb7 37. Qxf7 Qxf7 38. Nxf7 Re2 39. d6 Kc6 40. Rd1 Kd7 41. Nh6
f3 42. gxf3 Nf4 43. Ng4 Nxh3 44. Bf6 Rxa2 45. Ne5+ Bxe5 46. Bxe5 Nf2+ 0-1

[Event "Titled Tue 27th May Early"]
[Site "chess.com INT"]
[Date "2025.05.27"]
[Round "10"]
[White "Sklokin, Sergey"]
[Black "Bortnyk, Olexandr"]
[Result "1-0"]
[WhiteTitle "FM"]
[BlackTitle "GM"]
[WhiteElo "2311"]
[BlackElo "2601"]
[WhiteFideId "55730230"]
[BlackFideId "14120828"]
[EventDate "2025.05.27"]

1. d4 Nf6 2. c4 b6 3. Nf3 Bb7 4. g3 g6 5. Bg2 Bg7 6. O-O O-O 7. d5 Na6 8. Nc3
Nc5 9. Qc2 a5 10. e4 e5 11. Nxe5 Re8 12. f4 Qe7 13. Re1 d6 14. Nc6 Bxc6 15. dxc6
Ng4 16. Nd5 Qd8 17. h3 Bd4+ 18. Kh1 Nf2+ 19. Kh2 Nfd3 20. Rd1 Nb4 21. Nxb4 axb4
22. Rxd4 b3 23. Qb1 Ra4 24. Be3 Qf6 25. a3 Ne6 26. Qd3 Nxd4 27. Bxd4 Qe6 28. Rc1
Rb8 29. f5 Qe7 30. Qxb3 b5 31. Qd3 Qg5 32. Rc2 b4 33. Qb3 Rba8 34. axb4 Ra1 35.
Qe3 Qe7 36. f6 Qf8 37. b5 Rd1 38. Rc1 Ra1 39. Rxd1 Rxd1 40. Bc3 h5 41. h4 Kh7
42. e5 dxe5 43. Qxe5 Qd8 44. Qe7 Qxe7 45. fxe7 1-0

[Event "Titled Tue 27th May Early"]
[Site "chess.com INT"]
[Date "2025.05.27"]
[Round "10"]
[White "Mikhailovsky, Vladimir"]
[Black "Rozman, Levy"]
[Result "0-1"]
[WhiteTitle "CM"]
[BlackTitle "IM"]
[WhiteElo "2215"]
[BlackElo "2324"]
[WhiteFideId "34105414"]
[BlackFideId "2039877"]
[EventDate "2025.05.27"]

1. e4 d5 2. exd5 Qxd5 3. Nc3 Qa5 4. b4 Qxb4 5. a4 Qa5 6. Ba3 c6 7. Nf3 Nf6 8.
Bc4 Bg4 9. Rb1 b6 10. h3 Bxf3 11. Qxf3 e6 12. Bxf8 Qe5+ 13. Kf1 Kxf8 14. Re1 Qd4
15. Bb3 Nbd7 16. Qxc6 Ke7 17. g4 Rac8 18. Qf3 Qxd2 19. Ne4 Nxe4 20. Rxe4 Rc3 21.
Qg2 Rhc8 22. Re2 Qf4 23. Re1 Nc5 24. Kg1 Nxb3 25. cxb3 Rf3 26. h4 Rc2 27. Rf1
Rxb3 28. Rh3 Rxh3 29. Qxh3 Qxa4 30. Qg2 Qc6 31. Qg3 Rc3 32. Qf4 f6 33. Rd1 Rc4
34. Qg3 e5 35. g5 f5 36. g6 Rg4 37. gxh7 Rxg3+ 38. fxg3 Qh6 39. Rd8 Kxd8 40.
h8=Q+ Qxh8 41. Kg2 Qe8 42. h5 Qe7 43. h6 gxh6 0-1

[Event "Titled Tue 27th May Early"]
[Site "chess.com INT"]
[Date "2025.05.27"]
[Round "10"]
[White "Ramirez Gonzalez, Maria Jose"]
[Black "Boramanikar, Tanisha S"]
[Result "1-0"]
[WhiteTitle "WFM"]
[BlackTitle "WCM"]
[WhiteElo "1849"]
[BlackElo "1743"]
[WhiteFideId "6503349"]
[BlackFideId "35023454"]
[EventDate "2025.05.27"]

1. d4 Nf6 2. c4 g6 3. f3 d5 4. cxd5 Nxd5 5. e4 Nb6 6. Nc3 Bg7 7. Be3 O-O 8. Qd2
N8d7 9. g4 e5 10. d5 Qe7 11. h4 Nf6 12. h5 Rd8 13. Nh3 c6 14. Ng5 cxd5 15. exd5
Nbxd5 16. Nxd5 Rxd5 17. Qc2 Be6 18. hxg6 fxg6 19. Bd3 Rc8 20. Qe2 Qb4+ 21. Kf2
Rf8 22. Nxe6 Nxg4+ 23. Kg2 Nxe3+ 24. Qxe3 Qxb2+ 25. Kg3 Rf6 26. Nxg7 Kxg7 27.
Qh6+ Kf7 28. Qxh7+ Ke6 29. Qg8+ Kd6 30. Qd8+ Kc5 31. Rac1+ Kd4 32. Qxf6 Qd2 33.
Rhd1 Qf4+ 34. Qxf4+ exf4+ 35. Kxf4 g5+ 36. Kg3 Ke3 37. Be4 Re5 38. Re1+ Kd4 39.
Rcd1+ Kc5 40. Rc1+ Kd6 41. Red1+ Ke6 42. Rc7 Kf6 43. Rxb7 Ke6 44. Rxa7 1-0

[Event "Titled Tue 27th May Early"]
[Site "chess.com INT"]
[Date "2025.05.27"]
[Round "10"]
[White "Dragnev, Valentin"]
[Black "Samunenkov, Ihor"]
[Result "0-1"]
[WhiteTitle "GM"]
[BlackTitle "GM"]
[WhiteElo "2540"]
[BlackElo "2572"]
[WhiteFideId "1634852"]
[BlackFideId "14187086"]
[EventDate "2025.05.27"]

1. e4 c5 2. Nf3 Nc6 3. Bc4 e6 4. O-O Nf6 5. e5 d5 6. Bb5 Nd7 7. Re1 Qc7 8. d3 a6
9. Bxc6 Qxc6 10. Nbd2 b5 11. d4 cxd4 12. Nxd4 Qc7 13. N2f3 Bb7 14. Ng5 Nc5 15.
Bf4 h6 16. Ngf3 g5 17. Bg3 Ne4 18. a4 b4 19. h3 Be7 20. Nh2 h5 21. Nf1 Rc8 22.
Bh2 Bc5 23. Ne3 Qb6 24. a5 Qa7 25. Nb3 Be7 26. f3 Nc5 27. Nd4 Bc6 28. Kh1 Bd7
29. Qd2 Na4 30. b3 Nc3 31. Nd1 Bc5 32. Bg1 Nb5 33. Nxb5 Bxb5 34. Qxg5 Qe7 35.
Qd2 h4 36. Bxc5 Qxc5 37. Ne3 Qc3 38. Qxc3 Rxc3 39. Rad1 Ke7 40. Rd4 Rd8 41. Kg1
f6 42. exf6+ Kxf6 0-1

[Event "Titled Tue 27th May Early"]
[Site "chess.com INT"]
[Date "2025.05.27"]
[Round "10"]
[White "Skytte, Robert"]
[Black "Viskelis, Darius"]
[Result "1-0"]
[WhiteTitle "CM"]
[BlackTitle "FM"]
[WhiteElo "2007"]
[BlackElo "2165"]
[WhiteFideId "1471775"]
[BlackFideId "12800830"]
[EventDate "2025.05.27"]

1. e4 e5 2. Nf3 Nc6 3. Bc4 Nf6 4. Ng5 d5 5. exd5 Nd4 6. c3 Nf5 7. O-O h6 8. Nf3
Bd6 9. Re1 O-O 10. Nxe5 Bxe5 11. Rxe5 Nd6 12. Na3 Ng4 13. Re1 Qh4 14. h3 Qxf2+
15. Kh1 Nf5 16. hxg4 Ng3+ 17. Kh2 f5 18. g5 Ne4 19. d3 Qg3+ 20. Kg1 Nf2 21. Qf3
Nh3+ 22. Kh1 Nf2+ 23. Kg1 Nh3+ 24. Kf1 Qxf3+ 25. gxf3 Nxg5 26. Bxg5 hxg5 27. d6+
Kh7 28. dxc7 f4 29. Kf2 Bf5 30. Rh1+ Kg6 31. Nb5 Rac8 32. Rae1 Rxc7 33. Nxc7 a6
34. Ne6 Rf6 35. Nd8 Rd6 36. Ne6 b5 37. Nd4 bxc4 38. Nxf5 Kxf5 39. d4 Rb6 40.
Re5+ Kf6 41. Rb1 Rd6 42. b3 cxb3 43. Rxb3 Rc6 44. Ra3 Kg6 45. Rea5 Re6 46. Rxa6
Rxa6 47. Rxa6+ Kh5 48. Ra7 g4 49. Rxg7 g3+ 50. Rxg3 fxg3+ 51. Kxg3 Kg5 52. a4
Kf6 53. a5 Ke6 54. a6 Kd6 55. a7 Kc7 56. a8=Q Kb6 57. Qe4 Kb5 58. f4 Kc4 59. f5 1-0

[Event "Titled Tue 27th May Early"]
[Site "chess.com INT"]
[Date "2025.05.27"]
[Round "10"]
[White "Horobetz, Graham"]
[Black "Bahmani, Koorosh"]
[Result "1-0"]
[BlackTitle "CM"]
[WhiteElo "2250"]
[BlackElo "2208"]
[WhiteFideId "2047322"]
[BlackFideId "42576750"]
[EventDate "2025.05.27"]

1. e4 c6 2. d4 d5 3. e5 Bf5 4. h4 a6 5. g4 Bd7 6. Be3 c5 7. dxc5 Nc6 8. f4 Nh6
9. e6 fxe6 10. c3 e5 11. f5 d4 12. Bf2 e6 13. cxd4 exd4 14. Bc4 exf5 15. gxf5
Bxc5 16. Nd2 Qe7+ 17. Ne2 O-O-O 18. Qc2 Nb4 19. Qb3 d3 20. Bxd3 Nxd3+ 21. Qxd3
Bb5 22. Bxc5 Rxd3 23. Bxe7 Re8 24. f6 gxf6 25. Rc1+ Kb8 26. Bb4 Rd4 27. Bc3
Rxe2+ 28. Kd1 Rd6 29. Re1 Rxe1+ 30. Kxe1 Ng4 31. Ne4 Re6 32. Kd2 Rxe4 33. Rg1
Re2+ 34. Kd1 Ne3+ 35. Kc1 Rg2 36. Re1 Nd5 37. Ba5 b6 38. Bd2 f5 39. Re5 Bc4 40.
b3 Rg1+ 41. Kb2 Nf4 42. Bxf4 Rg2+ 43. Re2+ 1-0

[Event "Titled Tue 27th May Early"]
[Site "chess.com INT"]
[Date "2025.05.27"]
[Round "10"]
[White "Timofeev, Artyom"]
[Black "Nguyen, Ngoc Truong Son"]
[Result "1-0"]
[WhiteTitle "GM"]
[BlackTitle "GM"]
[WhiteElo "2548"]
[BlackElo "2632"]
[WhiteFideId "4140419"]
[BlackFideId "12401110"]
[EventDate "2025.05.27"]

1. e4 e5 2. Nf3 Nc6 3. Bb5 Nf6 4. d3 Bc5 5. c3 O-O 6. O-O d5 7. Nbd2 dxe4 8.
Nxe4 Nxe4 9. dxe4 Qe7 10. b4 Bb6 11. a4 a5 12. Bxc6 bxc6 13. bxa5 Bc5 14. Re1
Rd8 15. Qe2 Ba6 16. Qa2 Rd3 17. Be3 Bxe3 18. Rxe3 Rxe3 19. fxe3 Qc5 20. Kf2 h6
21. Rd1 Bc4 22. Qb2 Qxa5 23. Qb4 Qxb4 24. cxb4 Rxa4 25. Nxe5 Rxb4 26. Nxc4 Rxc4
27. Rd8+ Kh7 28. Rd7 Kg6 29. Rxc7 h5 30. Kf3 Kf6 31. h4 g6 32. Kf4 Rc2 33. Kf3
Ke6 34. g3 c5 35. Rc6+ Kd7 36. Rf6 Ke7 37. Rc6 c4 38. e5 Rc1 39. Ke4 c3 40. Rc7+
Kf8 41. e6 fxe6 42. Ke5 c2 43. Kxe6 Rg1 44. Rxc2 Rxg3 45. e4 Kg7 46. e5 Rg4 47.
Rc7+ Kh6 48. Kd5 Rxh4 49. e6 1-0

[Event "Titled Tue 27th May Early"]
[Site "chess.com INT"]
[Date "2025.05.27"]
[Round "10"]
[White "Pavlidou, Ekaterini"]
[Black "Bozorov, Javohir"]
[Result "1/2-1/2"]
[WhiteTitle "WIM"]
[BlackTitle "FM"]
[WhiteElo "2198"]
[BlackElo "2093"]
[WhiteFideId "4213262"]
[BlackFideId "14216957"]
[EventDate "2025.05.27"]

1. d4 Nf6 2. c4 e5 3. dxe5 Ng4 4. Bf4 Nc6 5. Nf3 Bb4+ 6. Nbd2 Qe7 7. e3 Ngxe5 8.
Nxe5 Nxe5 9. Be2 O-O 10. O-O d6 11. Nb3 a5 12. a3 Bc5 13. Nxc5 dxc5 14. Qc2 b6
15. Rad1 Bb7 16. Qc3 Ng6 17. Bg3 Nh4 18. f3 Nf5 19. Bf2 Nd6 20. e4 Rae8 21. Bd3
f5 22. exf5 Nxf5 23. Rde1 Qf7 24. Qc2 Bc8 25. Be4 Be6 26. Bc6 Rd8 27. Re5 Nd4
28. Bxd4 cxd4 29. Be4 d3 30. Bxd3 Rxd3 31. Qxd3 Bxc4 32. Qe3 Bxf1 33. Kxf1 Qc4+
34. Qe2 Qc1+ 35. Kf2 h6 36. Re7 Qc5+ 37. Kf1 Qd6 38. Qe6+ Qxe6 39. Rxe6 Rf7 40.
Re8+ Kh7 41. Rc8 Re7 42. Kf2 Kg6 43. g3 Kf5 44. Rf8+ Ke5 45. Rf4 Kd5 46. h4 c5
47. h5 b5 48. g4 b4 49. axb4 axb4 50. Rf5+ Kc4 51. Kg3 Kd4 52. Rf8 Rc7 53. Kf4
c4 54. Rd8+ Kc5 55. Ke4 Re7+ 56. Kf5 c3 57. bxc3 bxc3 58. g5 hxg5 59. Kxg5 Rc7
60. Rd1 c2 61. Rc1 Kd5 62. f4 Ke4 63. f5 Kd3 64. f6 gxf6+ 65. Kxf6 Kd2 66. Rxc2+
Rxc2 67. h6 Ke3 68. h7 Rh2 69. Kg7 Rg2+ 70. Kf7 Rh2 71. Kg7 Rg2+ 72. Kf7 Rf2+
73. Kg7 Rg2+ 1/2-1/2

[Event "Titled Tue 27th May Early"]
[Site "chess.com INT"]
[Date "2025.05.27"]
[Round "10"]
[White "Al-Tarboush, Ward"]
[Black "Sarveshwaran V"]
[Result "0-1"]
[WhiteTitle "FM"]
[BlackTitle "CM"]
[WhiteElo "2223"]
[BlackElo "2290"]
[WhiteFideId "7601450"]
[BlackFideId "25699016"]
[EventDate "2025.05.27"]

1. e4 e6 2. d4 d5 3. exd5 exd5 4. Bd3 Bd6 5. Nc3 Nc6 6. Nxd5 Nxd4 7. Ne2 Nc6 8.
O-O Nge7 9. Nxe7 Nxe7 10. c4 O-O 11. c5 Bxc5 12. Qc2 Bd6 13. Bxh7+ Kh8 14. Be4
f5 15. Bf3 Qe8 16. Nd4 Ng6 17. Bg5 Qe5 18. g3 Qxd4 19. Rad1 Qc5 20. Qa4 f4 21.
Rd5 Qc6 22. Qe4 Qe8 23. Qb1 Be6 24. Rdd1 fxg3 25. fxg3 Ne5 26. Be4 Qh5 27. h4
Bc5+ 28. Kg2 Qe2+ 29. Kh1 Bh3 30. Rfe1 Qh5 31. Rd2 Nf3 32. Qd1 Bg4 33. Rd5 Nxe1
34. Qxe1 Bf3+ 35. Kh2 Bxe4 36. Qxe4 Rf2+ 37. Kh3 Re8 38. Be7 Qf7 39. Rxc5 Rxe7
40. Qd4 Re8 41. Re5 Rxe5 42. Qxe5 Qf5+ 43. Qxf5 Rxf5 0-1

[Event "Titled Tue 27th May Early"]
[Site "chess.com INT"]
[Date "2025.05.27"]
[Round "10"]
[White "Le, Quang Liem"]
[Black "Dubnevych, Maksym"]
[Result "1-0"]
[WhiteTitle "GM"]
[BlackTitle "FM"]
[WhiteElo "2729"]
[BlackElo "2292"]
[WhiteFideId "12401137"]
[BlackFideId "14184001"]
[EventDate "2025.05.27"]

1. Nf3 d5 2. e3 c5 3. b3 f6 4. d4 cxd4 5. exd4 Nc6 6. Bb2 Bg4 7. Bd3 e6 8. O-O
Bd6 9. Re1 Qd7 10. h3 Bh5 11. c4 Nge7 12. Nc3 O-O 13. Na4 Rad8 14. Rc1 Kh8 15.
Bb1 b6 16. Qd3 Bg6 17. Qe2 Bxb1 18. Rxb1 dxc4 19. bxc4 Na5 20. Nc3 Qc8 21. Nb5
Qxc4 22. Nxd6 Rxd6 23. Ba3 Rd7 24. Qxe6 Qxe6 25. Rxe6 Rf7 26. Rbe1 Ng8 27. Re8
h6 28. Ra8 Kh7 29. Ree8 Ne7 30. h4 h5 31. g4 Kg6 32. gxh5+ Kxh5 33. Kg2 Ng6 34.
Kg3 Nc6 35. Bb2 Nce7 36. Bc1 Nf5+ 37. Kh3 Nxd4 38. Nh2 Ne6 39. Rxe6 Rd3+ 40. Be3
f5 41. Kg2 f4 42. Bc1 f3+ 43. Kg3 Rd1 44. Be3 Rg1+ 45. Kh3 Nxh4 46. Rh8# 1-0

[Event "Titled Tue 27th May Early"]
[Site "chess.com INT"]
[Date "2025.05.27"]
[Round "10"]
[White "Goncharov, Vladimir"]
[Black "Felix, Raphael"]
[Result "0-1"]
[BlackTitle "CM"]
[WhiteElo "2077"]
[BlackElo "2201"]
[WhiteFideId "34162256"]
[BlackFideId "14339544"]
[EventDate "2025.05.27"]

1. d4 d5 2. c4 e6 3. Nf3 Nf6 4. g3 Be7 5. Bg2 O-O 6. O-O dxc4 7. Ne5 c5 8. dxc5
Qxd1 9. Rxd1 Bxc5 10. Nd2 c3 11. Nb3 cxb2 12. Bxb2 Bb6 13. Rac1 Na6 14. Ba3 Re8
15. Nc4 Nd5 16. e4 Ndb4 17. Rd2 e5 18. Nd6 Rf8 19. Rc4 Be6 20. Rxb4 Nxb4 21.
Bxb4 Rfd8 22. Nxb7 Rxd2 23. Bxd2 Rc8 24. Bf1 Rc2 25. Be1 Rxa2 26. N7c5 Bxb3 27.
Nxb3 Rb2 28. Bc4 Rb1 29. Kf1 a5 30. Ke2 a4 31. Nd2 Rc1 32. Bd5 Ba5 33. f4 exf4
34. gxf4 a3 35. f5 Rc2 36. Kd3 a2 37. Bxa2 Rxa2 38. e5 Ra3+ 39. Ke4 Rh3 40. e6
fxe6 41. fxe6 Rxh2 42. Nc4 Bxe1 43. Kd5 Re2 44. Nd6 Bg3 45. Nc4 h5 46. Kd4 Rxe6 0-1

[Event "Titled Tue 27th May Early"]
[Site "chess.com INT"]
[Date "2025.05.27"]
[Round "10"]
[White "Tristan, Leonardo"]
[Black "Sheehan, Ethan"]
[Result "1/2-1/2"]
[WhiteTitle "GM"]
[WhiteElo "2536"]
[BlackElo "2380"]
[WhiteFideId "113816"]
[BlackFideId "30943965"]
[EventDate "2025.05.27"]

1. d4 Nf6 2. Nf3 g6 3. Bf4 Bg7 4. e3 O-O 5. Be2 c5 6. c3 d5 7. O-O Qb6 8. Qb3
Nc6 9. Nbd2 Bg4 10. h3 Bxf3 11. Nxf3 e6 12. Qxb6 axb6 13. dxc5 bxc5 14. Bd6 Rfc8
15. Bxc5 Ne4 16. Bb6 Nf6 17. Bd4 Ra5 18. a3 Raa8 19. Rad1 Re8 20. Ne5 Reb8 21.
Bb5 Rc8 22. Nf3 Nxd4 23. cxd4 Rc2 24. Rd2 Rac8 25. Bd3 R2c7 26. Rb1 Bf8 27. Kf1
Bd6 28. Ke2 Rc6 29. Ne1 Rb6 30. Rc2 Rd8 31. Rcc1 Kg7 32. Bc2 Rc8 33. Nd3 Bxa3
34. bxa3 Rxc2+ 35. Rxc2 Rxb1 36. Rc7 Ne4 37. f3 Nd6 38. Ne5 Rb2+ 39. Kf1 Rb3 40.
Rd7 Nc4 41. Rxf7+ Kg8 42. Rc7 Nxe3+ 43. Kg1 Nf5 44. Ng4 h5 45. Nf6+ Kf8 46. Rd7
Ne7 47. a4 Rb4 48. a5 Nf5 49. g4 hxg4 50. fxg4 Nxd4 51. h4 Nf3+ 52. Kf2 Ne5 53.
Nh7+ Ke8 54. Nf6+ Kf8 55. Nh7+ Ke8 56. Nf6+ Kf8 1/2-1/2

[Event "Titled Tue 27th May Early"]
[Site "chess.com INT"]
[Date "2025.05.27"]
[Round "10"]
[White "Maltsevskaya, Aleksandra"]
[Black "Gadzhiev, Ruslan"]
[Result "1-0"]
[WhiteTitle "IM"]
[BlackTitle "CM"]
[WhiteElo "2398"]
[BlackElo "2169"]
[WhiteFideId "24174041"]
[BlackFideId "55671926"]
[EventDate "2025.05.27"]

1. Nf3 d5 2. g3 Nf6 3. d3 e6 4. Nbd2 Be7 5. Bg2 O-O 6. O-O c5 7. e4 Nc6 8. Re1
Qc7 9. e5 Nd7 10. Qe2 b5 11. Nf1 Bb7 12. h4 Rfc8 13. h5 h6 14. g4 Qd8 15. Ng3
Nf8 16. Bf4 Nh7 17. Qd2 Rab8 18. Kh2 c4 19. d4 c3 20. bxc3 b4 21. c4 dxc4 22.
Ne4 c3 23. Qe3 Na5 24. g5 Nc4 25. Qc1 hxg5 26. Bg3 g4 27. Ng1 Nd2 28. Nxd2 cxd2
29. Qxd2 Bxg2 30. Kxg2 Qd5+ 31. Kh2 Rc4 32. Rad1 Rbc8 33. Qf4 Rxc2 34. Qxg4 Rxa2
35. Nh3 Rc3 36. h6 g6 37. Nf4 Qf3 38. Qxf3 Rxf3 39. d5 exd5 40. Nxd5 Bc5 41. Rc1
Bxf2 42. Rc8+ Nf8 43. Bxf2 Rfxf2+ 44. Kg3 Rg2+ 45. Kf3 Raf2+ 46. Ke3 Rb2 47.
Nf6+ 1-0

[Event "Titled Tue 27th May Early"]
[Site "chess.com INT"]
[Date "2025.05.27"]
[Round "10"]
[White "Aradhya, Garg"]
[Black "Yang, Kaiqi"]
[Result "1-0"]
[WhiteTitle "IM"]
[BlackTitle "GM"]
[WhiteElo "2383"]
[BlackElo "2481"]
[WhiteFideId "25006746"]
[BlackFideId "8604398"]
[EventDate "2025.05.27"]

1. d4 Nf6 2. c4 g6 3. g3 Bg7 4. Bg2 d5 5. cxd5 Nxd5 6. e4 Nb6 7. Ne2 c5 8. d5 e6
9. O-O exd5 10. exd5 O-O 11. Nec3 N8d7 12. a4 Nf6 13. Na3 Bg4 14. Qb3 Rc8 15. a5
c4 16. Qb5 Nbd7 17. Nxc4 Nc5 18. Ne5 Bf5 19. Bg5 h6 20. Bxf6 Bxf6 21. Rfe1 Re8
22. Nc6 Rxe1+ 23. Rxe1 bxc6 24. Qxc5 cxd5 25. Qxd5 Bxc3 26. bxc3 Qxd5 27. Bxd5
Rxc3 28. Re8+ Kg7 29. Re7 Kf6 30. Rxa7 Ke5 31. Bxf7 Be4 32. f4+ Kd4 33. Re7 Ke3
34. Rxe4+ Kxe4 35. Bxg6+ Kf3 36. Bh5+ Ke3 37. Kg2 Ra3 38. Kh3 Rxa5 39. Kg4 Ra2
40. h4 Kf2 41. Bg6 Ra3 42. f5 Rxg3+ 43. Kh5 Ke3 44. f6 Rf3 45. f7 Kd4 46. Kxh6
Ke5 47. Kg7 Ke6 48. f8=Q Rxf8 49. Kxf8 Kf6 50. h5 Kg5 51. Kg7 1-0

[Event "Titled Tue 27th May Early"]
[Site "chess.com INT"]
[Date "2025.05.27"]
[Round "10"]
[White "Teterev, Vitaly"]
[Black "Lissillour, Baptiste"]
[Result "1-0"]
[WhiteTitle "GM"]
[BlackTitle "FM"]
[WhiteElo "2258"]
[BlackElo "2318"]
[WhiteFideId "13501429"]
[BlackFideId "45179620"]
[EventDate "2025.05.27"]

1. e4 d6 2. d4 Nf6 3. Bd3 e5 4. c3 Nc6 5. d5 Ne7 6. c4 g6 7. Nc3 Bg7 8. h4 O-O
9. Bg5 Nh5 10. Nge2 h6 11. Be3 f5 12. f3 fxe4 13. Nxe4 Nf4 14. Rh2 c6 15. dxc6
bxc6 16. Bxf4 exf4 17. Qd2 d5 18. N4c3 Nf5 19. O-O-O Ne3 20. Bxg6 Nxd1 21. Qxd1
dxc4 22. Qc2 Qf6 23. Rh1 Bf5 24. Bxf5 Qxf5 25. Ne4 Rab8 26. Qxc4+ Kh8 27. N2c3
Rfd8 28. Re1 Qe5 29. Re2 Qd4 30. Qxd4 Bxd4 31. Kc2 Be3 32. Nf6 Rf8 33. Ng4 Rfe8
34. Ne4 h5 35. Nxe3 fxe3 36. Rxe3 Rg8 37. g3 Rge8 38. Rc3 Rf8 39. b3 Kg7 40. Ng5
Rf6 41. Re3 Kg6 42. Re7 Rd8 43. Rxa7 Rd5 44. Re7 Rxg5 45. hxg5 Kxg5 46. Re3 h4
47. gxh4+ Kxh4 48. Rc3 Kg3 49. a4 Kf4 50. a5 Ke5 51. b4 Kd4 52. Kb3 Kd5 53. a6
Rf7 54. Ka4 Re7 55. Ka5 Re1 56. Kb6 Rc1 57. Rxc1 1-0

[Event "Titled Tue 27th May Early"]
[Site "chess.com INT"]
[Date "2025.05.27"]
[Round "10"]
[White "Rustamov, Rustam"]
[Black "Guerra Tulcan, Lenin"]
[Result "1-0"]
[WhiteTitle "FM"]
[BlackTitle "IM"]
[WhiteElo "2323"]
[BlackElo "2310"]
[WhiteFideId "13440110"]
[BlackFideId "3601382"]
[EventDate "2025.05.27"]

1. e4 c5 2. Nf3 e6 3. d4 cxd4 4. Nxd4 Nc6 5. Nc3 Qc7 6. Be3 a6 7. Qf3 Nf6 8.
O-O-O Be7 9. g4 h6 10. h4 Ne5 11. Qg3 d6 12. Be2 Nc4 13. Bxc4 Qxc4 14. g5 Nd7
15. g6 f6 16. f4 Nc5 17. Qe1 Bd7 18. a3 Rc8 19. Qf1 Qxf1 20. Rhxf1 b5 21. f5 e5
22. Nde2 a5 23. Bxc5 Rxc5 24. Rd5 Bc6 25. Rxc5 dxc5 26. Rd1 c4 27. Nd5 Bc5 28.
Ng3 h5 29. Nf1 b4 30. Nc7+ Ke7 31. Nd5+ Bxd5 32. Rxd5 Rc8 33. a4 c3 34. b3 Bf2
35. Rxa5 Bxh4 36. Ra7+ Kf8 37. a5 Rd8 38. a6 Bf2 39. Rb7 h4 40. a7 Bxa7 41. Rf7+
Kg8 42. Rxa7 h3 43. Rb7 h2 44. Nxh2 Kf8 45. Rf7+ Ke8 46. Rxg7 Rd4 47. Ng4 Rxe4
48. Nxf6+ Kf8 49. Rf7# 1-0

[Event "Titled Tue 27th May Early"]
[Site "chess.com INT"]
[Date "2025.05.27"]
[Round "10"]
[White "Iljin, Timofey"]
[Black "Bakhmatsky, Vladislav"]
[Result "0-1"]
[WhiteTitle "IM"]
[BlackTitle "IM"]
[WhiteElo "2242"]
[BlackElo "2433"]
[WhiteFideId "14110180"]
[BlackFideId "14124890"]
[EventDate "2025.05.27"]

1. b3 b5 2. Bb2 Bb7 3. e3 a6 4. Nc3 e6 5. d4 Nf6 6. Qd2 c5 7. dxc5 Bxc5 8. f3 d5
9. O-O-O Qb6 10. Re1 O-O 11. h4 Nbd7 12. h5 Rfc8 13. h6 g6 14. Kb1 Rc7 15. Bd3
Rac8 16. Nd1 Be7 17. g4 Nc5 18. g5 Nfd7 19. Re2 Bxg5 20. Nh3 Bf6 21. Bxf6 Nxf6
22. Ng5 Nce4 23. fxe4 dxe4 24. Rf1 exd3 25. cxd3 Qc5 26. e4 Ng4 27. Qb2 Qc1+ 28.
Qxc1 Rxc1+ 29. Kb2 Ne5 30. Rd2 R8c7 31. Ne3 Rxf1 32. Nxf1 Ng4 33. Nf3 Nxh6 34.
Ne3 Kg7 35. Ng5 Ng8 36. d4 h6 37. Nh3 Bxe4 38. a4 Nf6 39. Nf2 Bd5 40. axb5 axb5
41. Nc2 h5 42. Nb4 h4 43. Rd3 g5 44. Nc2 Rc8 45. Ne3 Rh8 46. Nh3 Kg6 47. Nf4+
gxf4 48. Ng2 Bxg2 0-1

[Event "Titled Tue 27th May Early"]
[Site "chess.com INT"]
[Date "2025.05.27"]
[Round "10"]
[White "Mayorau, Mikita1"]
[Black "May Sanchez, Andres Elias"]
[Result "0-1"]
[WhiteTitle "GM"]
[BlackTitle "CM"]
[WhiteElo "2472"]
[BlackElo "2209"]
[WhiteFideId "13501720"]
[BlackFideId "5150973"]
[EventDate "2025.05.27"]

1. e4 e5 2. Nf3 d6 3. Bc4 Be7 4. O-O Nf6 5. Re1 O-O 6. d3 Nbd7 7. c3 c6 8. Nbd2
h6 9. Nf1 Re8 10. Ng3 Nf8 11. a4 Ng6 12. Nf5 Bf8 13. N3h4 Nxh4 14. Nxh4 d5 15.
exd5 cxd5 16. Bb3 Bg4 17. Qc2 Rc8 18. h3 Bd7 19. Nf3 Bd6 20. Qd1 Qc7 21. Be3 a5
22. Qd2 Kh7 23. Bc2 d4 24. Nxe5 Bxe5 25. f4 dxe3 26. Qxe3 Bxf4 27. Qf3 Kg8 28.
Rf1 Bh2+ 29. Kh1 Bc6 30. Qf5 Re2 31. Rf2 Rce8 32. Raf1 Rxf2 33. Qxf2 Bg3 34. Qd2
Qd7 35. Kg1 Qd6 36. d4 Bh2+ 37. Kh1 Qg3 38. c4 Be4 39. Bxe4 Rxe4 40. d5 Qe5 41.
b3 Nh5 42. Qd1 Ng3+ 43. Kxh2 Nxf1+ 44. Kg1 Ng3 45. Qf3 Nf5 46. g4 Re1+ 47. Kf2
Nd4 48. Qd3 Re2+ 49. Kf1 Qf4+ 50. Kg1 Qf2+ 51. Kh1 Qg2# 0-1